LEADER 01198nam 22003973 450 001 9910130636803321 005 20200422142907.0 010 $a88-491-3208-5 035 $a(CKB)3400000000019468 035 $a(ItFiC)it 02413824 035 $a(EXLCZ)993400000000019468 100 $a20101102d2009 uy 0 101 0 $aita 200 00$aStudi sul Medioevo emiliano $eParma e Piacenza in età comunale /$fa cura di Roberto Greci 210 $aBologna $cCLUEB$d2009 215 $aviii, 329 p. ;$d22 cm 225 0$aItinerari medievali ;$v13 300 $aCollected essays, partly presented to the meetings, Parma and Bedonia (Parma), 2005- 2006. 300 $aParma and Piacenza (Emilia Romagna). 320 $aIncludes bibliographical references. 517 $aStudi sul Medioevo emiliano 607 $aParma (Italy)$xHistory 607 $aPiacenza (Italy)$xHistory 676 $a945 676 $a306 676 $a361 676 $a320 676 $a282 676 $a352 701 $aGreci$b Roberto$0252860 801 0$bItFiC 801 1$bItFiC 906 $aBOOK 912 $a9910130636803321 996 $aStudi sul Medioevo emiliano$92437822 997 $aUNINA LEADER 01720oam 2200421M 450 001 9910716449403321 005 20200213070508.6 035 $a(CKB)5470000002521652 035 $a(OCoLC)1065778580 035 $a(OCoLC)995470000002521652 035 $a(EXLCZ)995470000002521652 100 $a20071213d1927 ua 0 101 0 $aeng 135 $aurcn||||||||| 181 $ctxt$2rdacontent 182 $cc$2rdamedia 183 $acr$2rdacarrier 200 10$aAdditional district judge for northern district of New York. January 20, 1927. -- Committed to the Committee of the Whole House on the State of the Union and ordered to be printed 210 1$a[Washington, D.C.] :$c[U.S. Government Printing Office],$d1927. 215 $a1 online resource (3 pages) 225 1 $aHouse report / 69th Congress, 2nd session. House ;$vno. 1824 225 1 $a[United States congressional serial set] ;$v[serial no. 8688] 300 $aBatch processed record: Metadata reviewed, not verified. Some fields updated by batch processes. 300 $aFDLP item number not assigned. 606 $aDistrict courts 606 $aJudges$xSelection and appointment 608 $aLegislative materials.$2lcgft 615 0$aDistrict courts. 615 0$aJudges$xSelection and appointment. 701 $aGraham$b George Scott$f1850-1931$pRepublican (PA)$01386798 801 0$bWYU 801 1$bWYU 801 2$bOCLCO 801 2$bOCLCQ 906 $aBOOK 912 $a9910716449403321 996 $aAdditional district judge for northern district of New York. January 20, 1927. -- Committed to the Committee of the Whole House on the State of the Union and ordered to be printed$93472009 997 $aUNINA